000 00256nam a2200109Ia 4500
008 190911s9999||||xx |||||||||||||| ||und||
100 _aGul Shahzad Sarwar
245 0 _aPakistan Affairs
260 _aKarachi
_bRoyal Book
_c1997
300 _a511
942 _cBK
999 _c6929
_d6929